000 004180000a22001690004500
003 MACL
005 20151229123629.0
008 151229b xxu||||| |||| 00| 0 eng d
040 _aMACL
_cMACL
041 _aEnglish
082 _a150/REI
100 _aReik, Theodor
_923695
245 _aFrom Thirty Years with Freud
260 _bThe Hogarth Press
_c1945
650 _aPsychology
_923696
942 _cBK
_k150/REI
_2ddc
999 _c38450
_d38450